000
00306nam a2200121 a 4500
005
20140414132056.0
008
100520s19uu xx 00 eng d
050
_a
REF 608.7
_b
D53 1995
245
_a
Dictionary of inventors and inventions.
650
_a
Inventors
650
_a
Inventions
999
_c
114322
_d
114322